000 01958cam a2200277 a 4500
001 991105950678606196
005 20250331092258.0
008 101015t20122011nyua b 001 0 eng
020 _a9781541601482
035 _a(UTL)10200501-01utoronto_inst
035 _a(SIRSI)10200501
040 _aDLC
_cDLC
_dDLC
042 _apcc
050 0 0 _aBF575.E55
_bB37 2012
100 _aBaron-Cohen, Simon.
_925087
245 1 4 _aThe science of evil
_b: on empathy and the origins of cruelty
_c/ Simon Baron-Cohen.
260 _aNew York :
_bBasic Books,
_c2012, c2011.
300 _ax, 256 p. :
_bill. ;
_c21 cm.
500 _a"Hardcover first published in 2011 by Basic Books, a member of the Perseus Books Group"--Title page verso.
504 _aIncludes bibliographical references and index.
505 0 _aExplaining "evil" and human cruelty — The empathy mechanism: the bell curve — When zero degrees of empathy is negative — When zero degrees of empathy is positive — The empathy gene — Reflections on human cruelty — Appendixes: 1. The empathy quotient (EQ) — Appendix: 2. How to spot zero degrees of empathy (negative).
520 _a"Borderline personality disorder, autism, narcissism, psychosis, Asperger's: All of these syndromes have one thing in common--lack of empathy. In some cases, this absence can be dangerous, but in others it can simply mean a different way of seeing the world. In The Science of Evil Simon Baron-Cohen, an award-winning British researcher who has investigated psychology and autism for decades, develops a new brain-based theory of human cruelty. A true psychologist, however, he examines social and environmental factors that can erode empathy, including neglect and abuse. Based largely on Baron-Cohen's own research, The Science of Evil will change the way we understand and treat human cruelty"--Provided by publisher.
650 0 _a Empathy
_911764
650 0 _aCruelty.
_925088
942 _2lcc
999 _c4611
_d4611